000
00308nam a22001337a 4500
008
181004b xxu||||| |||| 00| 0 eng d
020
_a
0070125147
041
_a
eng
080
_2
5 ed
_a
37
100
_a
37
101
_a
MAT
245
_a
Basic Mathematics For Electronics
_c
Dell.c.a
942
_2
udc
_c
BK
999
_c
48840
_d
48840